000 00863nam a2200205 i 4500
001 180535
003 ES-MaACL
005 20250815111837.0
008 120612s1974 sp |||| | spa d
080 _a543(043.2)
100 1 _aEspinos Taya, José María.
_9150485
245 1 0 _aSobre la reaccionabilidad y posibles aplicaciones analíticas de las isonitrosoacetanilidas y de las isatinas e isatoximas derivadas...
_bpor José María Espinos Taya.
260 _aBarcelona :
_bUniversidad de Barcelona, Secretariado de Publicaciones, Intercambio Científico y Extensión Universitaria],
_c1974.
300 _a22 p., 1 h. :
_bgrab. ;
_c24 cm.
502 _aTesis-Universidad Barcelona (Extracto)
650 0 7 _aQuímica analítica
_2embne
_916630
710 2 _aUniversidad de Barcelona.
_97141
852 _aES-MaACL
_jE-15362(118)
999 _c180535
_d180535